00466nam a2200121 a 450000100100000000500170001000800410002704000250006810000220009324501240011526000770023930000280031600004497720201002045758.0150127s1992 dr a 000 0 spa d aDO-SdBNPbspacBNPHU1 aLorenzo, David R.10aEstudio Socio-economico de los Trabajadores de la Prensa :bbreve historia del periodismo sindical /cDavid R. Lorenzo. aSanto Domingo :bSindicato nacional de trabajadores de la prensa,c1992. a240 p. :bil. ;c21 cm.